000 00455ntaaa2200181 4500
003 01
005 20251027202058.0
008 0714s1973 ag 01
040 _aAR-BaBN
_bspa
_cAR-BaBN
_eaacr
_dRIC
082 _a252.0000 N338
100 _aNeal, C.L.
_91621
245 _aIlustraciones
250 _a1 ed.
260 _aEl Paso :
_bCasa Bautista de Publications,
_cs.f.
300 _a422 p
650 _asermones-ilustraciones para
_919357
942 _cBK
999 _c15658
_d15658